Normal view
MARC view
Entry Personal Name
001 - CONTROL NUMBER
- control field: 76360
003 - CONTROL NUMBER IDENTIFIER
- control field: dpl
005 - DATE AND TIME OF LATEST TRANSACTION
- control field: 20250110152026.0
008 - FIXED-LENGTH DATA ELEMENTS
- fixed length control field: 250110|| aca||aabn | a|a d
040 ## - CATALOGING SOURCE
- Original cataloging agency: dpl
- Transcribing agency: dpl
100 ## - HEADING--PERSONAL NAME
- Personal name: कल्प, सुधीकांत भारद्वाज
670 ## - SOURCE DATA FOUND
- Source citation: Work cat.: (dpl)208327: कल्प, सुधीकांत भारद्वाज, हरिद्वार की देवी/, 2014-15
